00699nam a22002177a 4500003000500000005001700005008004100022010000900063011000900072035000900081040000900090100003400099245007200133260005200205300001800257500001200275502012400287650001900411650003300430650001800463CHAP20220329133137.0971013s1991 r 00010 d a2667 a3639 a2840 cCHAP00aGonzález Juárez, Vicente. aSistema de simulación con graficación hasta en tres dimensiones aSanta Cruz Acatlán, Méx. :bEl Autor,c1991 a99 h.b: ilus aD46-208 aTesis (Lic. en matemáticas aplicadas y computación) -- UNAM. Escuela Nacional de Estudios Profesionales "Acatlán"14aComputación.14aLenguajes de programación.14aSimulación.